[Event "WC-2015-Q-00018"]
[Site "LSS email"]
[Date "2012.09.11"]
[Round "?"]
[White "Bormida, Adolfo A"]
[Black "Cipka, Ivan"]
[Result "1/2-1/2"]
[WhiteElo "2262"]
[BlackElo "2223"]
[PlyCount "37"]
[EventDate "2012.09.17"]
[EventType "tourn (corr)"]
[EventRounds "10"]
[EventCountry "GER"]
[SourceTitle "Telechess CBM 167"]
[Source "ChessBase"]
[SourceDate "2015.07.13"]
[SourceVersion "1"]
[SourceVersionDate "2015.07.13"]
[SourceQuality "1"]

1. Nf3 Nf6 2. c4 c5 3. Nc3 Nc6 4. d4 cxd4 5. Nxd4 e6 6. a3 Be7 7. g3 Qb6 8. Ndb5 Ne5 9. Bg2 a6 10. Be3 Qa5 11. b4 Qd8 12. Bf4 axb5 13. Bxe5 d6 14. Bxf6 Bxf6 15. Nxb5 Bxa1 16. Qxa1 0-0 17. 0-0 d5 18. cxd5 exd5 19. Rd1 1/2-1/2

[Event "WC-2015-Q-00018"]
[Site "LSS email"]
[Date "2012.09.11"]
[Round "?"]
[White "Cipka, Ivan"]
[Black "Bormida, Adolfo A"]
[Result "0-1"]
[WhiteElo "2223"]
[BlackElo "2262"]
[PlyCount "64"]
[EventDate "2012.09.17"]
[EventType "tourn (corr)"]
[EventRounds "10"]
[EventCountry "GER"]
[SourceTitle "Telechess CBM 167"]
[Source "ChessBase"]
[SourceDate "2015.07.13"]
[SourceVersion "1"]
[SourceVersionDate "2015.07.13"]
[SourceQuality "1"]

1. e4 e5 2. Nf3 Nc6 3. Bb5 Nf6 4. 0-0 Nxe4 5. d4 Nd6 6. Bxc6 dxc6 7. dxe5 Nf5 8. Qxd8+ Kxd8 9. Nc3 Ke8 10. b3 Be6 11. Bb2 Bb4 12. Ne2 Bd5 13. Ne1 h5 14. Nd3 Be7 15. Nc3 Be6 16. Ne4 Rd8 17. Rad1 b6 18. Nf4 Rxd1 19. Rxd1 Bd7 20. c4 h4 21. f3 Bc8 22. Kf2 a5 23. Ne2 Be6 24. Nf4 Bd7 25. c5 Rh6 26. Rd3 Kd8 27. Ba1 Kc8 28. Bc3 Bd8 29. Rd2 Rh8 30. Rd3 Be7 31. Bd2 Rd8 32. g4 hxg3+ 0-1